Most Competitive States Quiz - Statistics

General Stats
  • This quiz has been taken 27 times
  • The average score is 15 of 17
Answer Stats
Rating Answer % Correct
R+2 Florida
100%
R+3 Ohio
100%
R+5 Georgia
96%
D+1 Virginia
96%
D+1 Michigan
93%
EVEN Pennsylvania
93%
EVEN Wisconsin
93%
R+5 Arizona
89%
D+1 Colorado
89%
D+3 Maine
89%
D+1 Minnesota
89%
R+3 North Carolina
89%
R+3 Iowa
78%
D+1 Nevada
78%
D+3 New Mexico
74%
D+5 Oregon
74%
EVEN New Hampshire
70%
No matching quizzes found
Score Distribution
Percent of People with Each Score
Percentile by Number Answered
Your Score History
You have not taken this quiz